00506nam a22001577a 4500003000400000005001700004008004100021020001500062040000700077082001000084100002500094245007200119942001800191999001700209952012200226OSt20220221132508.0220221b |||||||| |||| 00| 0 eng d a0872014924 cHU a668.9 aCheremisinoff910553 aMultiphase Reactor & Polyrodynamics Advances In Engineering Fluid.. 2ddccBOOKSn0 c31015d31015 00102ddc4070a006b006cGENd2022-02-21l0o668.9/CHE/1996pIOTL0014482r2022-02-21 00:00:00t1w2022-02-21yBOOKS